[Event "Memorial Romana Baka"]
[Site "Chorzow"]
[Date "2016.09.21"]
[Round "7.3"]
[White "Piesik, Piotr"]
[Black "Szczecina, Kamil"]
[Result "1-0"]
[BlackElo "1773"]
[WhiteElo "2298"]
[LiveChessVersion "1.4.8"]

1. Nf3 {[%clk 1:30:46]} Nf6 {[%clk 1:29:10]} 2. g3 {[%clk 1:31:11]} d5
{[%clk 1:29:24]} 3. Bg2 {[%clk 1:31:35]} c5 {[%clk 1:26:46]} 4. O-O
{[%clk 1:31:59]} Nc6 {[%clk 1:27:12]} 5. d3 {[%clk 1:31:32]} e5 {[%clk 1:27:19]}
6. Nbd2 {[%clk 1:31:57]} Be7 {[%clk 1:27:42]} 7. e4 {[%clk 1:32:24]} O-O
{[%clk 1:24:55]} 8. Re1 {[%clk 1:26:15]} d4 {[%clk 1:24:21]} 9. Nc4
{[%clk 1:24:33]} Bg4 {[%clk 0:54:20]} 10. a4 {[%clk 1:17:39]} Nd7
{[%clk 0:51:54]} 11. h3 {[%clk 1:07:26]} Be6 {[%clk 0:48:31]} 12. Rf1
{[%clk 1:06:54]} a6 {[%clk 0:37:08]} 13. h4 {[%clk 1:04:47]} f6 {[%clk 0:34:16]}
14. a5 {[%clk 1:01:17]} g5 {[%clk 0:12:23]} 15. Bd2 {[%clk 1:01:00]} h6
{[%clk 0:10:37]} 16. Nh2 {[%clk 1:00:34]} Kh7 {[%clk 0:08:40]} 17. Bf3
{[%clk 0:58:52]} gxh4 {[%clk 0:07:25]} 18. Bg4 {[%clk 0:58:40]} f5
{[%clk 0:05:20]} 19. exf5 {[%clk 0:57:49]} Bxf5 {[%clk 0:05:49]} 20. Qe2
{[%clk 0:56:51]} Qe8 {[%clk 0:01:17]} 21. Rae1 {[%clk 0:52:21]} Qg6
{[%clk 0:00:42]} 22. Bh5 {[%clk 0:52:19]} Qg7 {[%clk 0:01:07]} 23. Kh1
{[%clk 0:52:14]} Bg5 {[%clk 0:00:39]} 24. gxh4 {[%clk 0:51:58]} Bxd2
{[%clk 0:00:54]} 25. Nxd2 {[%clk 0:48:25]} Qf6 {[%clk 0:00:43]} 26. Nhf3
{[%clk 0:48:25]} Rad8 {[%clk 0:00:31]} 27. Ne4 {[%clk 0:48:26]} Qe7
{[%clk 0:00:42]} 28. Rg1 {[%clk 0:42:54]} Rg8 {[%clk 0:00:39]} 29. Rg3
{[%clk 0:43:04]} Rdf8 {[%clk 0:00:37]} 30. Kg2 {[%clk 0:37:21]} c4
{[%clk 0:00:51]} 31. dxc4 {[%clk 0:35:01]} Be6 {[%clk 0:00:43]} 32. Rh1
{[%clk 0:33:37]} Rxg3+ {[%clk 0:00:41]} 33. fxg3 {[%clk 0:33:25]} Nf6
{[%clk 0:00:35]} 34. Nxf6+ {[%clk 0:33:13]} Qxf6 {[%clk 0:01:04]} 35. Rf1
{[%clk 0:28:49]} Kg8 {[%clk 0:00:44]} 36. Nd2 {[%clk 0:28:45]} Qg7
{[%clk 0:00:47]} 37. Rxf8+ {[%clk 0:29:07]} Qxf8 {[%clk 0:00:58]} 38. Bf3
{[%clk 0:28:56]} Qf5 {[%clk 0:01:01]} 39. Ne4 {[%clk 0:27:25]} Nxa5
{[%clk 0:00:50]} 40. Bg4 {[%clk 0:23:54]} Qf7 {[%clk 0:00:40]} 41. b3
{[%clk 0:24:13]} Nc6 {[%clk 0:00:43]} 42. Nc5 {[%clk 0:23:41]} Bxg4
{[%clk 0:00:36]} 43. Qxg4+ {[%clk 0:24:07]} Kh7 {[%clk 0:00:38]} 44. h5
{[%clk 0:24:03]} Qe7 {[%clk 0:00:33]} 45. Qg6+ {[%clk 0:24:15]} Kh8
{[%clk 0:00:59]} 46. Qxh6+ {[%clk 0:24:41]} Kg8 {[%clk 0:01:28]} 47. Qg6+
{[%clk 0:24:54]} Kh8 {[%clk 0:01:40]} 48. Ne4 {[%clk 0:21:58]} Nd8
{[%clk 0:01:45]} 49. Nf6 {[%clk 0:21:27]} Qf7 {[%clk 0:01:57]} 50. Qh6+
{[%clk 0:21:51]} 1-0